Statystyki dla Państwa z największą liczbą mówiących po portugalsku

Kliknij tutaj aby rozwiązać quiz!

Ogólne statystyki

  • Ten quiz został rozwiązany 161 razy
    (139 od ostatniego zresetowania)
  • Średni wynik to 5 z 11

Statystyki odpowiedzi

# Użytkownicy%Państwo% Poprawnych
10,022,00095.6Portugalia
100%
212,000,00099.8Brazylia
94%
746,0180.2Stany Zjednoczone
54%
18,348,00071.2Angola
45%
1,089,0001.7Francja
45%
105, 0000.1Niemcy
39%
142 0000.2Wielka Brytania
38%
2,201,00010.07Mozambik
36%
7 0000.7Belgia
21%
309,0003.7Szwajcaria
14%
74 00015.7Luksemburg
10%

Rozkład punktacji

Percentyl według liczby udzielonych odpowiedzi

Procent ludzi z każdym wynikiem

Twoja historia wyników

Nie rozwiązałeś tego quizu od ostatniego zresetowania